000 00916nac a22002891i 4500
003 EG-ScBUE
005 20240924131826.0
008 101003t2006 njua f b 001 0 eng d
020 _a0471365807
020 _a9780471365808
040 _aEG-ScBUE
_beng
_erda
_cEG-ScBUE
_dEG-ScBUE
082 0 4 _a510
_bBOA
_222
100 1 _aBoas, Mary L.,
_eauthor.
_920021
245 1 0 _aMathematical methods in the physical sciences /
_cMary L. Boas, DePaul University.
250 _aThird edition.
264 1 _aHoboken, NJ :
_bWiley,
_c[2006]
264 4 _cc2006
300 _axviii, 839 pages :
_billustrations ;
_c27 cm
336 _2rdacontent
_atext
_btxt
337 _aunmediated
_2rdamedia
_bn
338 _avolume
_bnc
_2rdacarrier
504 _aIncludes bibliographical references and index.
650 7 _aMathematics.
_920022
_2BUEsh
651 _2BUEsh
655 _vReading book
942 _cBB
_2ddc
999 _c28275
_d28246